[Event "7eme Open de Saint-Chely d'Aubrac"]
[Site "Saint-Chely d'Aubrac (12)"]
[Date "2007.07.16"]
[Round "4.25"]
[White "Causse, Michel"]
[Black "Wavresky, Andre"]
[Result "0-1"]
[WhiteElo "1360"]
[BlackElo "1590"]
[PlyCount "92"]
[EventDate "2007.??.??"]

1. d4 Nf6 2. c4 e5 3. dxe5 Ng4 4. Nf3 Bc5 5. e3 Nc6 6. h3 Ngxe5 7. Be2 O-O 8.
a3 a5 9. O-O d6 10. Nc3 Be6 11. b3 Qf6 12. Bb2 Qd8 13. Nd4 Qd7 14. Nxe6 fxe6
15. Qd2 Ne7 16. f4 N5g6 17. Bg4 Nxf4 18. Kh1 Nfg6 19. Ne2 Nf5 20. Bxf5 Rxf5 21.
Rxf5 exf5 22. Bd4 Qe7 23. Bxc5 dxc5 24. Qd5+ Kh8 25. Nf4 c6 26. Nxg6+ hxg6 27.
Qf3 Rd8 28. Qe2 Qd6 29. Qe1 Qd2 30. Kh2 Qxe1 31. Rxe1 Rd3 32. Rb1 Rxe3 33. a4
Kg8 34. Kg1 Kf7 35. Kf2 f4 36. Rb2 g5 37. Rb1 Kf6 38. Rb2 Kf5 39. Rb1 Ke4 40.
Re1 Rxe1 41. Kxe1 Kd3 42. Kd1 Kc3 43. Kc1 Kxb3 44. Kb1 Kxa4 45. Kc2 Kb4 46. Kd3
Kb3 0-1

[Event "7eme Open de Saint-Chely d'Aubrac"]
[Site "Saint-Chely d'Aubrac (12)"]
[Date "2007.07.16"]
[Round "4.26"]
[White "Jaafar, Nacer"]
[Black "Schneider, Alec"]
[Result "1/2-1/2"]
[WhiteElo "1460"]
[BlackElo "1199"]
[PlyCount "31"]
[EventDate "2007.??.??"]

1. e4 e5 2. Nc3 Bc5 3. g3 Nf6 4. Bg2 d6 5. Nge2 O-O 6. O-O Nc6 7. h3 Be6 8. Kh2
Nd4 9. d3 Nxe2 10. Qxe2 Qd7 11. f4 exf4 12. gxf4 Qe7 13. f5 Bd7 14. Bg5 Qe5+
15. Kh1 Bd4 16. Bf4 1/2-1/2

[Event "7eme Open de Saint-Chely d'Aubrac"]
[Site "Saint-Chely d'Aubrac (12)"]
[Date "2007.07.16"]
[Round "4.27"]
[White "Veys, Vincent"]
[Black "Le Picard, Christopher"]
[Result "1-0"]
[WhiteElo "1490"]
[BlackElo "1560"]
[PlyCount "63"]
[EventDate "2007.??.??"]

1. e4 e5 2. Nf3 Nc6 3. d4 exd4 4. Nxd4 Bc5 5. Be3 Qf6 6. c3 Nge7 7. Be2 O-O 8.
O-O Qe5 9. Nf3 Qd6 10. Qxd6 Bxd6 11. Nbd2 f5 12. Bc4+ Kh8 13. Ng5 Ne5 14. Bb3
h6 15. Ngf3 Nxf3+ 16. Nxf3 f4 17. Bd2 g5 18. c4 Ng6 19. Bc3+ Kh7 20. e5 Bc5 21.
Rfe1 Re8 22. Nd2 d6 23. exd6 Rxe1+ 24. Rxe1 Bxd6 25. Re8 b6 26. c5 Bf8 27. Bc2
Bb7 28. Re6 Bd5 29. Rxg6 Re8 30. Re6+ Kg8 31. Rxe8 Kf7 32. Rc8 1-0

[Event "7eme Open de Saint-Chely d'Aubrac"]
[Site "Saint-Chely d'Aubrac (12)"]
[Date "2007.07.16"]
[Round "4.28"]
[White "Godard, Steven"]
[Black "Carrie, Emilien"]
[Result "1-0"]
[WhiteElo "1499"]
[BlackElo "1240"]
[PlyCount "97"]
[EventDate "2007.??.??"]

1. e4 e5 2. Nf3 Nc6 3. Bb5 Nf6 4. d3 Bc5 5. Bxc6 bxc6 6. Nxe5 d5 7. Bg5 Qd6 8.
Nf3 dxe4 9. Qe2 Bf5 10. O-O O-O 11. dxe4 Bxe4 12. Bxf6 Qxf6 13. Qxe4 Rfe8 14.
Qc4 Qxb2 15. Nbd2 Qb5 16. Qxb5 cxb5 17. Nb3 Bb4 18. Nfd4 a6 19. Rad1 c5 20. Nc6
Bc3 21. Rd3 Bf6 22. Re3 Rf8 23. Ne7+ Kh8 24. Nd5 c4 25. Nd2 Bg5 26. f4 Bd8 27.
Rfe1 Ba5 28. Rd1 Rad8 29. Ra3 Rxd5 30. Rxa5 g6 31. Kf2 Re8 32. Rxa6 Kg7 33. Rc6
Red8 34. Ke2 Re8+ 35. Kf3 h5 36. a4 bxa4 37. Rxc4 a3 38. Ra4 Rc5 39. Rxa3 Rxc2
40. Ne4 Rc4 41. Nd6 Rcc8 42. Nxc8 Rxc8 43. Rd7 Rc6 44. Raa7 Rf6 45. h4 g5 46.
hxg5 Rf5 47. g4 Rc5 48. Rxf7+ Kg6 49. Rg7# 1-0

[Event "7eme Open de Saint-Chely d'Aubrac"]
[Site "Saint-Chely d'Aubrac (12)"]
[Date "2007.07.17"]
[Round "5.1"]
[White "Degraeve, Jean-Marc"]
[Black "Saucey, Michel"]
[Result "1-0"]
[WhiteElo "2520"]
[BlackElo "2347"]
[PlyCount "53"]
[EventDate "2007.??.??"]

1. e4 c5 2. Nf3 Nc6 3. c3 d5 4. exd5 Qxd5 5. d4 Bg4 6. dxc5 Qxd1+ 7. Kxd1 e5 8.
b4 Nf6 9. Kc2 Bf5+ 10. Kb2 Ng4 11. Be3 Be7 12. Nbd2 O-O 13. Nc4 Rfd8 14. b5 Nb8
15. Nfxe5 Nxe3 16. Nxe3 Be6 17. Bc4 Rd2+ 18. Kb3 Nd7 19. Nxd7 Rxd7 20. Rad1 Rc7
21. Nd5 Bxd5 22. Rxd5 Rxc5 23. Rxc5 Bxc5 24. Rd1 a6 25. Rd7 axb5 26. Bxf7+ Kh8
27. Rxb7 1-0

[Event "7eme Open de Saint-Chely d'Aubrac"]
[Site "Saint-Chely d'Aubrac (12)"]
[Date "2007.07.17"]
[Round "5.2"]
[White "Baeumlin, Francois"]
[Black "Riff, Jean-Noel"]
[Result "0-1"]
[WhiteElo "2018"]
[BlackElo "2460"]
[PlyCount "94"]
[EventDate "2007.??.??"]

1. e4 c5 2. Nf3 e6 3. d4 cxd4 4. Nxd4 Nf6 5. Bd3 Nc6 6. c3 Be7 7. O-O d6 8. Nd2
O-O 9. N2f3 e5 10. Nc2 Re8 11. Ne3 h6 12. c4 Bf8 13. Bd2 a5 14. h3 Ne7 15. Rc1
Nd7 16. Bb1 Nc5 17. Bc3 b6 18. Nd2 Be6 19. Nb3 Nd7 20. Qe2 Ng6 21. Nd5 a4 22.
Na1 Nc5 23. Bd2 Be7 24. Nc2 Bg5 25. Ncb4 Rc8 26. Rfd1 Bd7 27. Nd3 Ne6 28. Bxg5
hxg5 29. Qe3 Nd4 30. Ne1 Nf4 31. Nf3 Nde2+ 32. Kh2 Nxc1 33. Nxb6 Rc6 34. Nxd7
Qxd7 35. Rxc1 g4 36. Nh4 gxh3 37. gxh3 g6 38. Bd3 Rb8 39. Rc2 Rcb6 40. Ng2 Nxg2
41. Kxg2 Rxb2 42. Rxb2 Rxb2 43. a3 Qb7 44. Qg5 Qb6 45. Qh4 Qd4 46. Bf1 Kg7 47.
Qg4 Qxf2+ 0-1

[Event "7eme Open de Saint-Chely d'Aubrac"]
[Site "Saint-Chely d'Aubrac (12)"]
[Date "2007.07.17"]
[Round "5.3"]
[White "Bonneville, Jean-Paul"]
[Black "Deschler, Fabrice"]
[Result "1-0"]
[WhiteElo "2048"]
[BlackElo "2151"]
[PlyCount "77"]
[EventDate "2007.??.??"]

1. d4 Nf6 2. c4 g6 3. Nc3 Bg7 4. e4 O-O 5. Nf3 d6 6. Be2 e5 7. O-O Nc6 8. d5
Ne7 9. b4 Nh5 10. Re1 f5 11. Ng5 Nf6 12. Bf3 Rb8 13. b5 h6 14. Ne6 Bxe6 15.
dxe6 Qc8 16. Nd5 Qxe6 17. exf5 Nxf5 18. Nxf6+ Qxf6 19. Bxb7 Ne7 20. Bd5+ Nxd5
21. Qxd5+ Qf7 22. a4 Qxd5 23. cxd5 a6 24. bxa6 Ra8 25. Bd2 Rxa6 26. a5 c6 27.
dxc6 Rxc6 28. a6 Ra8 29. a7 e4 30. Ra4 d5 31. Rb1 Rcc8 32. Rb7 g5 33. Ra6 Rf8
34. Rab6 Bd4 35. Rg6+ Kh8 36. Rxh6+ Kg8 37. Be3 Rf7 38. Rb8+ Kg7 39. Bxd4+ 1-0

[Event "7eme Open de Saint-Chely d'Aubrac"]
[Site "Saint-Chely d'Aubrac (12)"]
[Date "2007.07.17"]
[Round "5.4"]
[White "Nass, Emile"]
[Black "Danzanvilliers, Patrice"]
[Result "1-0"]
[WhiteElo "2095"]
[BlackElo "1858"]
[PlyCount "29"]
[EventDate "2007.??.??"]

1. d4 Nf6 2. c4 e5 3. dxe5 Ng4 4. Bf4 Nc6 5. Nf3 Bb4+ 6. Nbd2 Qe7 7. e3 Ngxe5
8. Nxe5 Nxe5 9. Be2 d6 10. O-O Bxd2 11. Qxd2 Bd7 12. c5 dxc5 13. Qd5 f6 14.
Qxb7 Bc6 15. Bb5 1-0

[Event "7eme Open de Saint-Chely d'Aubrac"]
[Site "Saint-Chely d'Aubrac (12)"]
[Date "2007.07.17"]
[Round "5.5"]
[White "Epstein, Raphael"]
[Black "Desboeufs, Alexandre"]
[Result "0-1"]
[WhiteElo "1771"]
[BlackElo "2065"]
[PlyCount "78"]
[EventDate "2007.??.??"]

1. c4 e5 2. Nc3 Nf6 3. g3 Be7 4. Bg2 O-O 5. d3 c6 6. Nf3 Qc7 7. Bg5 h6 8. Bd2
d6 9. O-O Nbd7 10. Rb1 b6 11. b4 Bb7 12. Nh4 d5 13. Nf5 Rfe8 14. Nxe7+ Rxe7 15.
f4 Rae8 16. f5 d4 17. Ne4 Nxe4 18. Bxe4 Nf6 19. Bg2 e4 20. Qc1 e3 21. Be1 Qc8
22. Rf4 c5 23. Bxb7 Rxb7 24. bxc5 bxc5 25. g4 Qb8 26. Rxb7 Qxf4 27. h3 Nxg4 28.
hxg4 Qxg4+ 29. Kh2 Qxe2+ 30. Kg3 Qxd3 31. Kh2 Qe2+ 32. Kg3 Re4 33. Rb2 Rg4+ 34.
Kh3 Qf3+ 35. Kh2 Qf4+ 36. Kh1 Qf1+ 37. Kh2 Rh4+ 38. Bxh4 Qxc1 39. Rb8+ Kh7 0-1

[Event "7eme Open de Saint-Chely d'Aubrac"]
[Site "Saint-Chely d'Aubrac (12)"]
[Date "2007.07.17"]
[Round "5.6"]
[White "Duffau, Pascal"]
[Black "Candy, Romain"]
[Result "0-1"]
[WhiteElo "2011"]
[BlackElo "2060"]
[PlyCount "78"]
[EventDate "2007.??.??"]

1. Nf3 Nf6 2. c4 g6 3. Nc3 Bg7 4. e4 d6 5. d4 O-O 6. Be2 e5 7. O-O Na6 8. Be3
Ng4 9. Bg5 Qe8 10. h3 h6 11. Bc1 exd4 12. Nxd4 Nf6 13. f3 Nh5 14. Be3 Nc5 15.
Qd2 Kh7 16. Nd5 Qd8 17. Bf2 c6 18. Nc3 Be5 19. Bd1 Nf4 20. Be3 Qh4 21. Bxf4
Bxf4 22. Qf2 Qg5 23. h4 Qg3 24. Qxg3 Bxg3 25. h5 Bf4 26. Re1 Nd3 27. Re2 Be5
28. Nb3 Nxb2 29. hxg6+ fxg6 30. Rc2 Nxc4 31. Kf2 Na3 32. Rcc1 Bf4 33. Be2 Bxc1
34. Rxc1 Be6 35. Rd1 Rad8 36. Nd2 a6 37. Nf1 Nb5 38. Nxb5 axb5 39. Rd2 Rd7 0-1

[Event "7eme Open de Saint-Chely d'Aubrac"]
[Site "Saint-Chely d'Aubrac (12)"]
[Date "2007.07.17"]
[Round "5.7"]
[White "Sidibe, Malika"]
[Black "Chamba, Antoine"]
[Result "0-1"]
[WhiteElo "1868"]
[BlackElo "2091"]
[PlyCount "76"]
[EventDate "2007.??.??"]

1. e4 e5 2. Nf3 Nc6 3. d4 exd4 4. Nxd4 Bc5 5. Be3 Nxd4 6. Bxd4 Bxd4 7. Qxd4 Qf6
8. Qxf6 Nxf6 9. Nc3 a6 10. Bc4 d6 11. O-O-O Bd7 12. Rhe1 O-O 13. f3 b5 14. Bb3
Bc6 15. e5 dxe5 16. Rxe5 Rad8 17. Rxd8 Rxd8 18. Re7 Rd7 19. Bxf7+ Kf8 20. Rxd7
Bxd7 21. Bb3 c5 22. a3 c4 23. Ba2 a5 24. b3 b4 25. axb4 axb4 26. Na4 c3 27. Nc5
Ke7 28. Kd1 Kd6 29. Nb7+ Kd5 30. Ke2 Kd4 31. Nd6 Nd5 32. Bb1 Nc7 33. Kf2 Kd5
34. Nc4 Nb5 35. Ke3 Bf5 36. g3 Na3 37. Nxa3 bxa3 38. Ba2 Kc5 0-1

[Event "7eme Open de Saint-Chely d'Aubrac"]
[Site "Saint-Chely d'Aubrac (12)"]
[Date "2007.07.17"]
[Round "5.8"]
[White "De Biasi, Robert"]
[Black "Benedic, Patrick"]
[Result "1-0"]
[WhiteElo "1825"]
[BlackElo "2053"]
[PlyCount "73"]
[EventDate "2007.??.??"]

1. Nf3 g6 2. g3 Bg7 3. Bg2 e6 4. d3 Ne7 5. O-O d5 6. Nbd2 b6 7. e4 Bb7 8. Re1
O-O 9. Rb1 c5 10. b3 Nbc6 11. Bb2 d4 12. a3 Rc8 13. Nh4 Bf6 14. Nhf3 Qc7 15.
Nc4 e5 16. Bc1 b5 17. Nb2 Nd8 18. Bd2 Ne6 19. a4 a6 20. Ra1 Kh8 21. Re2 Bg7 22.
Qc1 f5 23. Ng5 Nxg5 24. Bxg5 f4 25. gxf4 exf4 26. f3 Nc6 27. axb5 axb5 28. Qe1
h6 29. Qh4 Kh7 30. Rae1 Qe5 31. Bh3 Ra8 32. Rg2 Rh8 33. Bxf4 Qe8 34. Kh1 Be5
35. Qxh6+ Kg8 36. Rxg6+ Bg7 37. Qxg7# 1-0

[Event "7eme Open de Saint-Chely d'Aubrac"]
[Site "Saint-Chely d'Aubrac (12)"]
[Date "2007.07.17"]
[Round "5.9"]
[White "Schmitt, Claude"]
[Black "Messinger, Karl"]
[Result "1/2-1/2"]
[WhiteElo "1970"]
[BlackElo "1640"]
[PlyCount "31"]
[EventDate "2007.??.??"]

1. c4 e5 2. Nc3 Nf6 3. g3 d5 4. cxd5 Nxd5 5. Bg2 Be6 6. Nf3 Nc6 7. d3 Bc5 8.
O-O O-O 9. Bd2 Qd7 10. Rc1 Bb6 11. a3 h6 12. Ne4 Bh3 13. Nc5 Bxc5 14. Rxc5 Bxg2
15. Kxg2 Rfe8 16. Qb3 1/2-1/2

[Event "7eme Open de Saint-Chely d'Aubrac"]
[Site "Saint-Chely d'Aubrac (12)"]
[Date "2007.07.17"]
[Round "5.10"]
[White "Mourgues, Joelle"]
[Black "Carno, Matthias"]
[Result "1/2-1/2"]
[WhiteElo "1798"]
[BlackElo "1940"]
[PlyCount "89"]
[EventDate "2007.??.??"]

1. Nf3 b6 2. g3 Bb7 3. Bg2 e5 4. d3 f5 5. O-O d6 6. c3 Nf6 7. Nbd2 Nbd7 8. Qa4
h6 9. e4 fxe4 10. dxe4 Be7 11. Nh4 O-O 12. Qc4+ Rf7 13. Nf5 Nc5 14. b4 Ba6 15.
b5 Bb7 16. Qe2 a6 17. c4 axb5 18. cxb5 Ra4 19. f3 Qa8 20. Rd1 Kf8 21. a3 Bc8
22. Ne3 Ne6 23. Nb3 Nd7 24. Bb2 Ndc5 25. Nxc5 Nxc5 26. Qc2 Bd7 27. Bf1 Rxf3 28.
Nd5 Qa7 29. Bc4 Be6 30. Rf1 Rxf1+ 31. Rxf1+ Ke8 32. Qe2 Kd7 33. Nb4 Bxc4 34.
Qxc4 Qb7 35. Re1 Ne6 36. Qc2 Ra8 37. Rd1 Nc5 38. Nc6 Ke8 39. Qe2 Bf6 40. Qh5+
Kf8 41. Qg6 Kg8 42. Bc1 Ra4 43. Bxh6 Rxe4 44. Ne7+ Kh8 45. Qe8+ 1/2-1/2

[Event "7eme Open de Saint-Chely d'Aubrac"]
[Site "Saint-Chely d'Aubrac (12)"]
[Date "2007.07.17"]
[Round "5.11"]
[White "Lemaire, Matthieu"]
[Black "Viennot, Dylan"]
[Result "1-0"]
[WhiteElo "1934"]
[BlackElo "1840"]
[PlyCount "85"]
[EventDate "2007.??.??"]

1. e4 c5 2. c3 d6 3. d4 Nf6 4. dxc5 Nc6 5. Nd2 dxc5 6. Ngf3 a6 7. a4 e6 8. Be2
Be7 9. O-O O-O 10. Qc2 Qc7 11. Nc4 b6 12. Bg5 Bb7 13. Nfd2 Nd7 14. Be3 Rfd8 15.
Rfd1 Bd6 16. Nxd6 Qxd6 17. Bg5 f6 18. Bh4 Qe7 19. Bg3 e5 20. Nc4 Rab8 21. Nd6
Nf8 22. Qb3+ Ne6 23. Nxb7 Rxb7 24. Rxd8+ Ncxd8 25. Bxa6 Rc7 26. f3 Rc6 27. Rd1
Rd6 28. Bc4 Kf8 29. Kf1 Nc6 30. Rxd6 Qxd6 31. Bxe6 Qd3+ 32. Ke1 Qe3+ 33. Kd1
Qd3+ 34. Kc1 Qe3+ 35. Kb1 Qd3+ 36. Ka2 Na5 37. Qd5 Qxd5+ 38. Bxd5 c4 39. Bf2
Nb3 40. Be3 Ke7 41. Bxc4 Nc5 42. Bxc5+ bxc5 43. b4 1-0

[Event "7eme Open de Saint-Chely d'Aubrac"]
[Site "Saint-Chely d'Aubrac (12)"]
[Date "2007.07.17"]
[Round "5.12"]
[White "Cuq, Christian"]
[Black "Boulier, Rene"]
[Result "0-1"]
[WhiteElo "1720"]
[BlackElo "1971"]
[PlyCount "96"]
[EventDate "2007.??.??"]

1. e4 e6 2. Nf3 Nc6 3. Bb5 a6 4. Bxc6 bxc6 5. O-O d5 6. d3 Rb8 7. b3 Be7 8. Ba3
Bxa3 9. Nxa3 Qd6 10. Qc1 e5 11. c4 d4 12. c5 Qe7 13. Nc4 f6 14. Ncd2 Nh6 15. a3
a5 16. Rb1 Be6 17. b4 axb4 18. axb4 O-O 19. Rb2 Qf7 20. Qc2 Qh5 21. Re1 g5 22.
Nf1 g4 23. Ng3 Qg6 24. Nf5 Bxf5 25. Nh4 Qg5 26. Nxf5 Nxf5 27. exf5 Qxf5 28. Re4
h5 29. Qd1 Ra8 30. h3 gxh3 31. g3 Kf7 32. Rh4 Rh8 33. Kh2 Ra3 34. Re4 Rha8 35.
Qe2 Ra1 36. f4 Re8 37. Qf2 Ra3 38. Qc2 Rc3 39. Qe2 Qg4 40. fxe5 Qxe2+ 41. Rbxe2
Rxd3 42. exf6 Rxe4 43. Rxe4 Kxf6 44. Kxh3 Kf5 45. Re8 Rd1 46. Re7 d3 47. Rxc7
d2 48. Rd7 Rh1+ 0-1

[Event "7eme Open de Saint-Chely d'Aubrac"]
[Site "Saint-Chely d'Aubrac (12)"]
[Date "2007.07.17"]
[Round "5.13"]
[White "Labarthe, Arnaud"]
[Black "Saucey, Capucine"]
[Result "1/2-1/2"]
[WhiteElo "1952"]
[BlackElo "1629"]
[PlyCount "62"]
[EventDate "2007.??.??"]

1. d4 d5 2. Nc3 Nf6 3. Bg5 Nbd7 4. e3 e6 5. Qf3 Be7 6. Bd3 O-O 7. O-O-O c6 8.
g4 e5 9. Bxf6 Bxf6 10. Bf5 e4 11. Qg3 Bh4 12. Qg2 g6 13. Bxd7 Qxd7 14. f3 exf3
15. Nxf3 Qe7 16. Nxh4 Qxh4 17. h3 f5 18. Rdf1 Qg5 19. Qf3 Bd7 20. Qg3 Rae8 21.
Rf4 fxg4 22. Rhf1 Rxf4 23. Rxf4 Qe7 24. e4 gxh3 25. e5 Rf8 26. Ne2 Rf5 27. Rxf5
Bxf5 28. Nf4 Qd7 29. Nh5 Qe7 30. Nf4 Qd7 31. c3 Kf8 1/2-1/2

[Event "7eme Open de Saint-Chely d'Aubrac"]
[Site "Saint-Chely d'Aubrac (12)"]
[Date "2007.07.17"]
[Round "5.14"]
[White "Gazel, Bruno"]
[Black "Rabier, Jean"]
[Result "1/2-1/2"]
[WhiteElo "1630"]
[BlackElo "1930"]
[PlyCount "47"]
[EventDate "2007.??.??"]

1. e4 c5 2. Nf3 e6 3. d4 cxd4 4. Nxd4 a6 5. Nc3 d6 6. Be2 Nf6 7. O-O Be7 8. Be3
b5 9. a3 O-O 10. Kh1 Qc7 11. f4 Bb7 12. Bf3 Nbd7 13. Nde2 Rfd8 14. Qe1 Rac8 15.
Qf2 Qb8 16. Rad1 Qa8 17. Ng3 Rf8 18. Bd4 Ne8 19. Nge2 Bf6 20. Bxf6 Ndxf6 21.
Ng3 g6 22. Rfe1 h5 23. Nf1 Bc6 24. Rd3 1/2-1/2

[Event "7eme Open de Saint-Chely d'Aubrac"]
[Site "Saint-Chely d'Aubrac (12)"]
[Date "2007.07.17"]
[Round "5.15"]
[White "Huin, Eric"]
[Black "Meyer, Bernard"]
[Result "1-0"]
[WhiteElo "1929"]
[BlackElo "1410"]
[PlyCount "91"]
[EventDate "2007.??.??"]

1. e4 e5 2. Nf3 Nc6 3. d4 exd4 4. Nxd4 Nf6 5. Nxc6 bxc6 6. e5 Qe7 7. Qe2 Nd5 8.
c4 Nb6 9. Nd2 g6 10. g3 Bg7 11. f4 c5 12. Bg2 Rb8 13. O-O Bb7 14. Bxb7 Rxb7 15.
b3 O-O 16. Bb2 d5 17. cxd5 Nxd5 18. Qf3 c6 19. Nc4 Rd7 20. Nd6 Rxd6 21. exd6
Qxd6 22. Bxg7 Kxg7 23. Qe4 f5 24. Qe5+ Qxe5 25. fxe5 Re8 26. Rfe1 h5 27. Rac1
Nb4 28. Rc4 Nd3 29. Re3 Rd8 30. e6 Nb4 31. e7 Re8 32. Rxc5 Nd5 33. Re1 Nxe7 34.
Rxc6 Nxc6 35. Rxe8 Kf6 36. Kf2 a5 37. Ke3 Ne5 38. h3 g5 39. Ra8 g4 40. h4 Ng6
41. Rxa5 Ne5 42. a4 Ke6 43. Rb5 Nc6 44. Rb6 Kd5 45. Rxc6 Kxc6 46. Kf4 1-0

[Event "7eme Open de Saint-Chely d'Aubrac"]
[Site "Saint-Chely d'Aubrac (12)"]
[Date "2007.07.17"]
[Round "5.16"]
[White "Heudre, Dominique"]
[Black "Tournier, Jean-Pascal"]
[Result "1-0"]
[WhiteElo "1720"]
[BlackElo "1888"]
[PlyCount "50"]
[EventDate "2007.??.??"]

1. d4 d5 2. c4 Nf6 3. Nf3 Bf5 4. Nc3 e6 5. e3 Be7 6. Bd3 Bxd3 7. Qxd3 Nc6 8. a3
dxc4 9. Qxc4 O-O 10. b4 Nd5 11. Bb2 f5 12. Ne5 Nxe5 13. dxe5 Nxc3 14. Qxe6+ Kh8
15. Bxc3 Qd3 16. Qb3 f4 17. Rd1 Qe4 18. Qd5 Qg6 19. exf4 Rxf4 20. O-O Raf8 21.
Qd7 Bh4 22. f3 h5 23. e6 Qg5 24. Bd2 Qe5 25. Bxf4 Qxf4 1-0

[Event "7eme Open de Saint-Chely d'Aubrac"]
[Site "Saint-Chely d'Aubrac (12)"]
[Date "2007.07.17"]
[Round "5.17"]
[White "Saucey, Milena"]
[Black "Jester, Christian"]
[Result "0-1"]
[WhiteElo "1380"]
[BlackElo "1871"]
[PlyCount "92"]
[EventDate "2007.??.??"]

1. e4 c6 2. d4 d5 3. Nc3 dxe4 4. Nxe4 Bf5 5. Nc3 Nf6 6. Nf3 e6 7. Bc4 Bd6 8.
Bg5 Nbd7 9. Qd2 Qc7 10. h3 h6 11. Be3 Nb6 12. Bb3 Nbd5 13. Ne2 O-O-O 14. O-O-O
Ne4 15. Qe1 Kb8 16. c4 Nxe3 17. fxe3 c5 18. g4 Bg6 19. Nh4 Bh7 20. d5 exd5 21.
Rxd5 Be5 22. Rd1 Rxd1+ 23. Kxd1 Qd6+ 24. Kc1 Qf6 25. Rf1 Bxb2+ 26. Kd1 Rd8+ 27.
Nd4 Nc3+ 28. Qxc3 Qxf1+ 29. Qe1 Qxe1+ 30. Kxe1 cxd4 31. exd4 Rxd4 32. c5 Bc3+
33. Ke2 Bd3+ 34. Ke3 Bc4 35. Bxc4 Rxc4 36. Kd3 Rxc5 37. Nf5 Rxf5 38. gxf5 Bf6
39. Ke4 Kc7 40. Kd5 b6 41. a3 a6 42. a4 a5 43. Kc4 Kc6 44. Kb3 g5 45. Kc4 h5
46. Kb3 g4 0-1

[Event "7eme Open de Saint-Chely d'Aubrac"]
[Site "Saint-Chely d'Aubrac (12)"]
[Date "2007.07.17"]
[Round "5.18"]
[White "Mehiaoui, Dounia"]
[Black "Wavresky, Andre"]
[Result "1/2-1/2"]
[WhiteElo "1909"]
[BlackElo "1590"]
[PlyCount "79"]
[EventDate "2007.??.??"]

1. d4 e6 2. e4 d5 3. Nd2 dxe4 4. Nxe4 Bd7 5. Nf3 Bc6 6. Bd3 Bxe4 7. Bxe4 c6 8.
c3 Nf6 9. Bg5 Nbd7 10. Bc2 Be7 11. O-O O-O 12. Qd3 g6 13. Rad1 Nd5 14. Bc1 Qc7
15. g3 Rad8 16. h4 c5 17. h5 c4 18. Qe2 b5 19. hxg6 hxg6 20. Kg2 Kg7 21. Rh1
Rh8 22. Nh2 Rh7 23. Ng4 Rdh8 24. Rxh7+ Rxh7 25. Rh1 Rxh1 26. Kxh1 Qd8 27. Qd2
Qh8+ 28. Kg2 Qh5 29. Nh6 g5 30. Nf5+ exf5 31. Bxf5 N7b6 32. Qe1 g4 33. Qe5+ Bf6
34. Qe4 Bg5 35. Bxg4 Qh6 36. f4 Be7 37. Qe5+ Qf6 38. Qb8 Qg6 39. Qe5+ Qf6 40.
Qb8 1/2-1/2

[Event "7eme Open de Saint-Chely d'Aubrac"]
[Site "Saint-Chely d'Aubrac (12)"]
[Date "2007.07.17"]
[Round "5.19"]
[White "Martinez, Loic"]
[Black "Tassetti, Florent"]
[Result "1-0"]
[WhiteElo "1880"]
[BlackElo "1560"]
[PlyCount "43"]
[EventDate "2007.??.??"]

1. e4 e5 2. Nf3 Nc6 3. d4 exd4 4. Bc4 Bc5 5. Ng5 Ne5 6. Nxf7 Nxf7 7. Bxf7+ Kxf7
8. Qh5+ Kf8 9. Qxc5+ d6 10. Qxd4 Nf6 11. Bg5 Kf7 12. O-O Rf8 13. Nc3 Be6 14. f4
h6 15. Bxf6 Qxf6 16. Qxf6+ Kxf6 17. Rae1 c6 18. e5+ dxe5 19. Rxe5 Rae8 20. Ne4+
Kg6 21. Nd6 Re7 22. f5+ 1-0

[Event "7eme Open de Saint-Chely d'Aubrac"]
[Site "Saint-Chely d'Aubrac (12)"]
[Date "2007.07.17"]
[Round "5.20"]
[White "Lemaire, Olivier"]
[Black "Viennot, Kevin"]
[Result "1/2-1/2"]
[WhiteElo "1578"]
[BlackElo "1760"]
[PlyCount "32"]
[EventDate "2007.??.??"]

1. e4 c5 2. Nf3 e6 3. d4 cxd4 4. Nxd4 Nc6 5. Nc3 Qc7 6. Be3 Nf6 7. f3 a6 8.
Nxc6 bxc6 9. Be2 d5 10. exd5 cxd5 11. O-O Be7 12. Kh1 O-O 13. Bd3 Qe5 14. Re1
Bb7 15. Bd4 Qc7 16. Qe2 Nd7 1/2-1/2

[Event "7eme Open de Saint-Chely d'Aubrac"]
[Site "Saint-Chely d'Aubrac (12)"]
[Date "2007.07.17"]
[Round "5.21"]
[White "Mayet, Lucas"]
[Black "Marie, Olivier"]
[Result "1-0"]
[WhiteElo "1741"]
[BlackElo "1550"]
[PlyCount "79"]
[EventDate "2007.??.??"]

1. d4 Nf6 2. c4 g6 3. Nf3 Bg7 4. Nc3 d6 5. e4 O-O 6. Bd3 Nbd7 7. O-O Re8 8. Bg5
h6 9. Bh4 e5 10. Re1 Nf8 11. h3 Qd7 12. Qd2 Nh5 13. d5 a6 14. Bg3 g5 15. Nh2
Ng6 16. Be2 Nhf4 17. Bg4 Qe7 18. Nf1 Bxg4 19. hxg4 Nh4 20. Ne3 Qf6 21. Ne2
Nfxg2 22. Bxh4 Nxh4 23. Qc3 Nf3+ 24. Kf1 Nxe1 25. Kxe1 Qf3 26. Ng3 Rab8 27. Qa5
Rec8 28. c5 f5 29. Nexf5 Kf7 30. cxd6 c5 31. d7 Rd8 32. Qc7 b6 33. Qd6 Kg8 34.
Qe7 Bf8 35. Qxe5 Qf4 36. Qe6+ Kh8 37. Nh5 Qxg4 38. Qf6+ Kh7 39. Qf7+ Kh8 40.
Nf6 1-0

[Event "7eme Open de Saint-Chely d'Aubrac"]
[Site "Saint-Chely d'Aubrac (12)"]
[Date "2007.07.17"]
[Round "5.22"]
[White "Ruetsch, Johan"]
[Black "Luc, Rene"]
[Result "0-1"]
[WhiteElo "1590"]
[BlackElo "1710"]
[PlyCount "74"]
[EventDate "2007.??.??"]

1. e4 c5 2. Nf3 d6 3. Bc4 e6 4. Nc3 Nc6 5. d3 Na5 6. Bb5+ Bd7 7. Bxd7+ Qxd7 8.
O-O Nc6 9. Bf4 Nf6 10. Re1 Be7 11. Ne2 O-O 12. Ng3 e5 13. Be3 d5 14. exd5 Nxd5
15. Qc1 f5 16. Bg5 Bxg5 17. Nxg5 Nf4 18. Nf3 Rae8 19. Nxe5 Nxe5 20. Qxf4 Ng6
21. Qc4+ Kh8 22. Qxc5 Rc8 23. Qxa7 Rxc2 24. Rab1 Qd5 25. Red1 Nh4 26. Ne4 fxe4
27. Qa3 Rd8 28. g3 Qd4 29. Rf1 Nf3+ 30. Kg2 Nd2 31. Rbc1 exd3 32. Rfd1 Qe4+ 33.
Kh3 Qf5+ 34. Kg2 Rxc1 35. Rxc1 Qd5+ 36. Kh3 Ne4 37. Rf1 d2 0-1

[Event "7eme Open de Saint-Chely d'Aubrac"]
[Site "Saint-Chely d'Aubrac (12)"]
[Date "2007.07.17"]
[Round "5.25"]
[White "Schneider, Alec"]
[Black "Godard, Steven"]
[Result "0-1"]
[WhiteElo "1199"]
[BlackElo "1499"]
[PlyCount "74"]
[EventDate "2007.??.??"]

1. e4 c6 2. d4 d5 3. exd5 cxd5 4. Be3 Bf5 5. Nf3 h6 6. Bd3 Bxd3 7. Qxd3 Nc6 8.
O-O Nf6 9. Nbd2 e6 10. Rac1 Bd6 11. Rfd1 O-O 12. c4 Qd7 13. a3 a5 14. Nb3 dxc4
15. Rxc4 Rfd8 16. Nc5 Bxc5 17. Rxc5 Rac8 18. Rcc1 Qd6 19. Rb1 Rd7 20. Qd2 Ne4
21. Qc2 Nf6 22. Ne5 Ne7 23. Qa4 Rdd8 24. Qxa5 Nc6 25. Nxc6 Rxc6 26. g3 Rc2 27.
Qb5 b6 28. Qb3 Rdc8 29. h3 Nh5 30. g4 Ng3 31. Kg2 Ne4 32. Qd3 Qd5 33. Kg1 f5
34. gxf5 Qxf5 35. Qf1 Rf8 36. f4 Rf6 37. Re1 Rg6+ 0-1

[Event "7eme Open de Saint-Chely d'Aubrac"]
[Site "Saint-Chely d'Aubrac (12)"]
[Date "2007.07.17"]
[Round "5.26"]
[White "Vernet, Pierrick"]
[Black "Veys, Vincent"]
[Result "0-1"]
[WhiteElo "1199"]
[BlackElo "1490"]
[PlyCount "60"]
[EventDate "2007.??.??"]

1. e4 e5 2. Nf3 Nc6 3. Bc4 Nd4 4. Nxd4 exd4 5. c3 Bc5 6. b4 Bb6 7. Qf3 Nf6 8.
d3 h6 9. e5 Qe7 10. Bf4 O-O 11. O-O Ne8 12. Qg3 g5 13. Nd2 Ng7 14. Ne4 gxf4 15.
Qxf4 Ne8 16. Qxh6 Qxe5 17. Ng5 Qg7 18. Qh4 dxc3 19. Rae1 Nd6 20. Re7 Nxc4 21.
dxc4 c5 22. Re3 d6 23. Rg3 Bd8 24. Qh5 Bf5 25. Re1 Bxg5 26. Rxg5 Bg6 27. Qh4 c2
28. Rc1 cxb4 29. Rxc2 Qa1+ 30. Rc1 Qxc1# 0-1